03328nam a2200217 a 4500001000200000003000900002005001700011008004100028020001800069040002300087082002700110100004200137245007700179260005400256300002100310500005700331504003200388505263200420650000603052651005203058 DO-SdBNP20210723101837.0181112s2016 dr 000 0 spa d a9789945167610 aBPMSU bspacBPMSU a972.93bV985v 20162221 aVásquez Henríquez, Erasmo,d1948-10aVisión moderna :bhistoria dominicana /cErasmo Vásquez Henríquez. aLa Vega, República Dominicana :bBúho,c2016. a669 p. ;c23 cm. aIncluye datos biográficos del autor en las solapas aBibliografía : p. 667-6690 aPrefacio como acto de fe del autor -- De la España Musulmana a la redención cristiana (711-1492) -- Colón : osadía y visión científica sobre los mares y océanos (1451-1506) -- Indios y Antillas en la Prehistoria americana -- Del descubrimiento a la resistencia indígena en La Española (1492-1520) -- Enriquillo entrega militar que inmortalizó el orgullo de su raza (1520-1533) -- Vicisitudes de La Espoñola -- España arrodilla a los pies de Francia la parte Oeste de la isla Española (1697) -- España arrodilla a los pies de Francia la isla entera de La Española (1795) -- Los haitianos vencen la esclavitud y se declaran independientes (1804)-- Juan Sánchez Ramiréz rescata el destino hispánico y emerge como el primer caudillo dominicano (1808-1821) hasta -- El suño que significó la llamada Independencia Efímera (1821-1844) -- La aventurera ocupación haitina y el nacimiento de la patria amada (1822-1844) -- La humillante anexión a España (1861-1863) -- La patria todavía vive en la Guerra Restauradora (1863-1865) -- Entre la Restauración Dominicana y el fin del Siglo XIX (1865-1899) -- Cae Lilís y lustros después, llegarón los yankis a la República Dominicana (1899-1924) -- Cae la democracia con Horacio Vásquez y se levanta la dictadura de Trujillo (1930-1961) -- De la presidencia de Bosch a la segunda ocupación yankis (1962-1965) -- El gobierno de sangre de los 12 años del Dr. Joaquín Balaguer (1966-1978) -- Don Antonio Guzmán Fernández se juaramenta Presidente de la República, y al construir su periodo, toma la infausta decisión de suicidarse (1978-1986) -- El Dr. Salvador Jorge Blanco gobierna durante cuatro años (1982-1986), pero en su contra se instrumenta un juicio históricamente controversial -- El Dr. Joaquín Balaguer es resucitado políticamente, gana las elecciones presidenciales de 1986, golpea juridicamente a Jorge Blanco y gobierna por 10 años más a República Dominicana (1986-1996) -- En su crespúsculo político Balaguer lleva al PLD y a Leonel Fernández al Palacion Nacional, provocando una recomposición en el cuadro pólítico dominicano (1996-200) -- Gobierno de Hipólito Mejía : brillos y turbulencias de su gestión (2000-2004) -- Leonel Fernández vuelve al poder gobierna por 8 años, y establece las bases concretas para una nueva oligarquía en la República Dominicana (2004-2012) --Danilo Medina : elegido Presidente de la República con el apoyo del Caudillo Leonel Fernández, de la tercera oligarquía y disponiendo de los fondos públicos (2012-2016).  a  4aRepública Dominicana xHistoriay1492 - 2016